|
|
|
|
| LEADER |
00000cam a2200000 7i4500 |
| 001 |
0000016045 |
| 005 |
20080421.0 |
| 008 |
080421 |
| 020 |
|
|
|a 983331841X
|
| 090 |
0 |
0 |
|a 950.41
|b MAH
|
| 100 |
1 |
|
|a Mahbubani, Kishore
|
| 245 |
1 |
0 |
|a Mampukah warga Asia berfikir?
|c Kishore Mahbubani
|
| 260 |
|
|
|a Selangor :
|b Marshall Cavendish ,
|c 2005
|
| 650 |
|
0 |
|a Asia
|x Civilization
|x 20th century
|
| 650 |
|
0 |
|a East and West
|
| 650 |
|
0 |
|a Values
|z Asia
|
| 999 |
|
|
|a 0001018767
|b Book
|c Adult Collection
|e Cawangan Sri Merlong
|
| 999 |
|
|
|a 0001018768
|b Book
|c Adult Collection
|e Perbadanan Perpustakaan Awam Johor
|
| 999 |
|
|
|a 0001018769
|b Book
|c Adult Collection
|e Cawangan Urban Transformation Centre
|
| 999 |
|
|
|a 0001039391
|b Book
|c Adult Collection
|e Cawangan Sri Merlong
|